[Event "Nikaia op 25th"]
[Site "Nikaia"]
[Date "2017.08.27"]
[Round "2"]
[White "Kanellos, Dimitrios V"]
[Black "Nikolaidis, Ioannis"]
[Result "0-1"]
[WhiteElo "2033"]
[BlackElo "2561"]
[PlyCount "58"]
[EventDate "2017.08.26"]
[EventType "swiss"]
[EventRounds "9"]
[EventCountry "GRE"]
[SourceTitle "CBM 180 Extra"]
[Source "ChessBase"]
[SourceDate "2017.10.06"]
[SourceVersion "1"]
[SourceVersionDate "2017.10.06"]
[SourceQuality "1"]

1. e4 c6 2. c4 d5 3. exd5 Nf6 4. d4 cxd5 5. Nf3 g6 6. Nc3 Bg7 7. cxd5 Nxd5 8. Bc4 Nb6 9. Bb3 0-0 10. h3 Nc6 11. Be3 Na5 12. Bc2 Nbc4 13. Bc1 Nc6 14. Qe2 Nxd4 15. Nxd4 Qxd4 16. 0-0 Be6 17. Rd1 Qc5 18. Ne4 Qc6 19. Ng5 Bd5 20. Nxh7 Bxg2 21. Ng5 Ne5 22. Be4 Bxe4 23. Nxe4 Qe6 24. Ng5 Qf5 25. f4 Nc6 26. Be3 Rfd8 27. Qc4 e6 28. Qb3 Bd4 29. Bxd4 Nxd4 0-1

[Event "Athens Kaisariani op 1st"]
[Site "Athens"]
[Date "2013.12.23"]
[Round "4"]
[White "Gogolis, Alexandros"]
[Black "Kanellos, Dimitrios V"]
[Result "1-0"]
[WhiteElo "2259"]
[BlackElo "2072"]
[PlyCount "79"]
[EventDate "2013.12.21"]
[EventType "swiss"]
[EventRounds "9"]
[EventCountry "GRE"]
[SourceTitle "EXT 2015"]
[Source "ChessBase"]
[SourceDate "2014.11.20"]
[SourceVersion "1"]
[SourceVersionDate "2014.11.20"]
[SourceQuality "1"]

1. d4 d5 2. Bf4 Nf6 3. e3 e6 4. Nf3 Nbd7 5. Nbd2 Be7 6. Bd3 0-0 7. h4 c5 8. c3 b5 9. Ne5 Bb7 10. Bxb5 Nxe5 11. dxe5 Nd7 12. Bd3 f6 13. Qh5 f5 14. Nf3 Rf7 15. Ng5 Bxg5 16. hxg5 g6 17. Qh4 Nf8 18. f3 d4 19. exd4 cxd4 20. c4 Nd7 21. 0-0 Nc5 22. Rfd1 a5 23. Rd2 Qb6 24. Qf2 Ne4 25. fxe4 fxe4 26. Bxe4 Bxe4 27. Qxd4 Qb7 28. Qe3 Raf8 29. Bg3 Bc6 30. Rad1 Qb4 31. b3 Qe7 32. Rf2 Rxf2 33. Bxf2 Ba8 34. Rd2 Qf7 35. Kh2 Qf5 36. Bg3 Qg4 37. Rd4 Qh5+ 38. Rh4 Qd1 39. Qa7 h5 40. gxh6 1-0

[Event "Nikaia op 21st"]
[Site "Nikaia"]
[Date "2013.09.01"]
[Round "8"]
[White "Kanellos, Dimitrios V"]
[Black "Gazis, Efstathios"]
[Result "1-0"]
[WhiteElo "2024"]
[BlackElo "2285"]
[PlyCount "91"]
[EventDate "2013.08.26"]
[EventType "swiss"]
[EventRounds "9"]
[EventCountry "GRE"]
[SourceTitle "CBM 156 Extra"]
[Source "ChessBase"]
[SourceDate "2013.10.22"]
[SourceVersion "1"]
[SourceVersionDate "2013.10.22"]
[SourceQuality "1"]

1. d4 Nf6 2. c4 e6 3. Nc3 Bb4 4. e3 b6 5. Nf3 Bb7 6. Bd3 d5 7. 0-0 0-0 8. cxd5 exd5 9. Ne5 Bd6 10. Bf5 a6 11. f4 c5 12. Qf3 Nc6 13. Ne2 Qe7 14. Bd2 g6 15. Bh3 Ne4 16. Be1 Rad8 17. Kh1 f6 18. Ng4 Kg7 19. Nc3 Bb8 20. Rd1 Nxc3 21. Bxc3 c4 22. f5 b5 23. fxg6 hxg6 24. e4 f5 25. Ne5 fxe4 26. Qg3 Bxe5 27. dxe5 d4 28. Bf5 Rxf5 29. Rxf5 dxc3 30. Rd6 Rxd6 31. exd6 cxb2 32. Rf1 Qe5 33. Qf2 Qf5 34. Qxb2+ Kf7 35. Rxf5+ gxf5 36. Qd2 Ke8 37. h4 b4 38. Qd5 c3 39. Qe6+ Kd8 40. Qc4 Kd7 41. h5 e3 42. Kg1 Kxd6 43. h6 Ne5 44. Qxb4+ Kd5 45. Qxc3 Ke4 46. h7 1-0

[Event "Nikaia op 21st"]
[Site "Nikaia"]
[Date "2013.08.31"]
[Round "7"]
[White "Korniotis, Filippos"]
[Black "Kanellos, Dimitrios V"]
[Result "0-1"]
[WhiteElo "1931"]
[BlackElo "2024"]
[PlyCount "114"]
[EventDate "2013.08.26"]
[EventType "swiss"]
[EventRounds "9"]
[EventCountry "GRE"]
[SourceTitle "CBM 156 Extra"]
[Source "ChessBase"]
[SourceDate "2013.10.22"]
[SourceVersion "1"]
[SourceVersionDate "2013.10.22"]
[SourceQuality "1"]

1. d4 d5 2. Nf3 Nf6 3. e3 e6 4. Bd3 c5 5. 0-0 Nc6 6. b3 cxd4 7. exd4 Bd6 8. Bb2 0-0 9. a3 Ne4 10. Nbd2 f5 11. Ne5 Qf6 12. f4 Qh6 13. Bxe4 fxe4 14. g3 Ne7 15. c4 b6 16. Rc1 Bxe5 17. dxe5 Bb7 18. Qe2 Qh3 19. cxd5 Nxd5 20. Nxe4 Rad8 21. Ng5 Qf5 22. Rfd1 Nxf4 23. gxf4 Qxf4 24. Nxe6 Qh6 25. Nxf8 Qg5+ 26. Kf2 Rxf8+ 27. Ke1 Qh4+ 28. Kd2 Rd8+ 29. Kc3 Rc8+ 30. Qc4+ Rxc4+ 31. bxc4 Bf3 32. Re1 Be4 33. Kb3 b5 34. Red1 Bb1 35. Bd4 Qh3+ 36. Kb2 Bd3 37. cxb5 Qxh2+ 38. Ka1 Qe2 39. Bb2 Bf5 40. Re1 Qg4 41. Rc7 Be6 42. Rc3 Qa4 43. Rg1 Qxb5 44. Rd1 h5 45. Rd6 Qf1+ 46. Rc1 Qf5 47. Rcc6 Kf7 48. Rc7+ Kg6 49. Rcc6 Kf7 50. Rc7+ Ke8 51. Rcc6 Bd7 52. Rc1 h4 53. e6 Bxe6 54. Bxg7 h3 55. Re1 Kf7 56. Be5 Qf2 57. Rxe6 Qxe1+ 0-1

[Event "Nikaia op 21st"]
[Site "Nikaia"]
[Date "2013.08.26"]
[Round "1"]
[White "Ragios, Konstantinos"]
[Black "Kanellos, Dimitrios V"]
[Result "1-0"]
[WhiteElo "1800"]
[BlackElo "2024"]
[PlyCount "81"]
[EventDate "2013.08.26"]
[EventType "swiss"]
[EventRounds "9"]
[EventCountry "GRE"]
[SourceTitle "CBM 156 Extra"]
[Source "ChessBase"]
[SourceDate "2013.10.22"]
[SourceVersion "1"]
[SourceVersionDate "2013.10.22"]
[SourceQuality "1"]

1. e4 e5 2. Nf3 Nc6 3. Bb5 a6 4. Ba4 Nf6 5. 0-0 b5 6. Bb3 Be7 7. Re1 0-0 8. c3 d5 9. exd5 Nxd5 10. Nxe5 Nxe5 11. Rxe5 c6 12. Bxd5 cxd5 13. d4 Bd6 14. Re1 Qh4 15. g3 Qf6 16. Be3 Qg6 17. Nd2 Bg4 18. Qb1 Qf6 19. Qd3 h5 20. h4 Bf5 21. Qe2 Qg6 22. Qf3 Rad8 23. Bg5 Rd7 24. Qg2 f6 25. Be3 Kh8 26. Nf1 Be4 27. f3 Bd3 28. Bf2 Qh7 29. Re3 g5 30. hxg5 fxg5 31. Rae1 Bg6 32. Nh2 Bf7 33. Kh1 h4 34. gxh4 gxh4 35. Qg4 Bh5 36. Qxh4 Rdf7 37. Rg1 Rf4 38. Qh3 Rxf3 39. Nxf3 Rxf3 40. Qh4 Rxe3 41. Qf6+ 1-0

[Event "GRE-ch U18/20"]
[Site "Peristeri"]
[Date "2011.01.08"]
[Round "8"]
[White "Megalios, Konstantinos"]
[Black "Kanellos, Dimitrios V"]
[Result "1-0"]
[WhiteElo "1933"]
[BlackElo "1959"]
[PlyCount "71"]
[EventDate "2011.01.03"]
[EventType "swiss"]
[EventRounds "9"]
[EventCountry "GRE"]
[SourceTitle "CBM 140 Extra"]
[Source "ChessBase"]
[SourceDate "2011.03.01"]
[SourceVersion "1"]
[SourceVersionDate "2011.03.01"]
[SourceQuality "1"]

1. d4 Nf6 2. c4 e6 3. Nc3 d5 4. cxd5 exd5 5. Bg5 Be7 6. e3 0-0 7. Bd3 c6 8. Qc2 Nbd7 9. Nf3 Re8 10. 0-0 h6 11. Bh4 Ne4 12. Bg3 Nxg3 13. hxg3 Nf6 14. Bf5 Bxf5 15. Qxf5 Bd6 16. Rab1 a5 17. a3 Qd7 18. Qc2 Qg4 19. b4 axb4 20. axb4 Qh5 21. b5 Ng4 22. bxc6 bxc6 23. Ne2 Re6 24. Qxc6 Rae8 25. Rb5 Nf6 26. Qc2 Ng4 27. Qa2 Nf6 28. Nc3 Qg4 29. Nxd5 Ne4 30. Qb2 h5 31. Nc3 Rh6 32. Nxe4 Qxe4 33. Qb1 Qe7 34. Rb7 Qf6 35. Qb5 Rf8 36. e4 1-0

[Event "Nikaia Fysiolatriko op 08th"]
[Site "Nikaia"]
[Date "2010.06.23"]
[Round "8"]
[White "Konistis, Loukas"]
[Black "Kanellos, Dimitrios V"]
[Result "1-0"]
[WhiteElo "2105"]
[BlackElo "1790"]
[PlyCount "49"]
[EventDate "2010.06.17"]
[EventType "swiss"]
[EventRounds "9"]
[EventCountry "GRE"]
[SourceTitle "EXT 2011"]
[Source "ChessBase"]
[SourceDate "2010.11.26"]
[SourceVersion "1"]
[SourceVersionDate "2010.11.26"]
[SourceQuality "1"]

1. Nf3 d5 2. g3 Nf6 3. Bg2 c5 4. d3 Nc6 5. Nbd2 g6 6. 0-0 Bg7 7. e4 0-0 8. c3 e5 9. a3 a5 10. a4 b6 11. exd5 Nxd5 12. Qb3 Be6 13. Ng5 Rc8 14. Nxe6 fxe6 15. Nc4 Rc7 16. Bh3 Qe8 17. Ne3 Rd7 18. Nxd5 Rxd5 19. Be3 Kh8 20. Qxb6 Rxd3 21. Bg2 Ne7 22. Bxc5 Nd5 23. Bxd5 exd5 24. Bxf8 Bxf8 25. Qb5 1-0